000 00432nam a2200169 a 4500
001 000048811
003 OSt
005 20201126111620.0
008 190412s2016 dr a r 000 spa d
040 _aDO-SdBNP
_bspa
_cBNPHU
082 _bC357
245 0 _aCatálogo 2016-2107.
260 _aSanto Domingo :
_bSantuario,
_c2016-2017.
300 _a146 p. :
_bil. ;
_c22 cm.
590 _aInventariado, 2019 / DG
942 _2ddc
_cLBS1
999 _c48299
_d48299